[Event "Suchedniow op"]
[Site "Suchedniow"]
[Date "2012.07.??"]
[Round "6"]
[White "Monczak, Mariusz"]
[Black "Choina, Adam"]
[Result "1-0"]
[WhiteElo "1867"]
[BlackElo "1536"]
[PlyCount "59"]
[EventDate "2012.07.??"]
[EventType "swiss"]
[EventRounds "7"]
[EventCountry "POL"]
[SourceTitle "EXT 2014"]
[Source "ChessBase"]
[SourceDate "2013.11.20"]
[SourceVersion "1"]
[SourceVersionDate "2013.11.20"]
[SourceQuality "1"]

1. d4 Nf6 2. c4 e5 3. dxe5 Ng4 4. Nf3 Bc5 5. e3 Nc6 6. Be2 Ngxe5 7. 0-0 0-0 8. b3 Re8 9. Bb2 d6 10. Nbd2 Bf5 11. Nd4 Bg6 12. N2f3 Qe7 13. a3 a5 14. Re1 Rad8 15. Qd2 Bb6 16. Qc3 f6 17. Rac1 Qd7 18. h3 Nxf3+ 19. Nxf3 Ne5 20. Nd4 c6 21. b4 axb4 22. axb4 Ra8 23. Ra1 Bf7 24. c5 Bc7 25. f4 Ng6 26. Bg4 Qd8 27. Rxa8 Qxa8 28. Nf5 dxc5 29. Nxg7 Nxf4 30. Nxe8 1-0

[Event "Montreal Pere Noel"]
[Site "Montreal"]
[Date "2011.12.28"]
[Round "3"]
[White "Monczak, Mariusz"]
[Black "Zhang, Zhiyuan"]
[Result "1/2-1/2"]
[WhiteElo "1894"]
[BlackElo "2066"]
[PlyCount "114"]
[EventDate "2011.12.26"]
[EventType "swiss"]
[EventRounds "5"]
[EventCountry "CAN"]
[SourceTitle "EXT 2022"]
[Source "ChessBase"]
[SourceDate "2021.10.06"]
[SourceVersion "1"]
[SourceVersionDate "2021.10.06"]
[SourceQuality "1"]

1. e4 c6 2. d4 d5 3. Nd2 dxe4 4. Nxe4 Bf5 5. Ng3 Bg6 6. Nf3 Nd7 7. h4 h6 8. h5 Bh7 9. Bd3 Bxd3 10. Qxd3 e6 11. Bd2 Ngf6 12. 0-0-0 Be7 13. c4 0-0 14. Bc3 b5 15. Ne5 Qc7 16. f4 bxc4 17. Qxc4 Nd5 18. Qxc6 Qxc6 19. Nxc6 Bd6 20. Ne5 N7f6 21. Rdf1 Rfc8 22. Rf3 Rab8 23. Ne2 Ne4 24. Rhh3 Bb4 25. g4 Rc7 26. Kc2 f6 27. Ng6 a5 28. a3 Ndxc3 29. Nxc3 Nxc3 30. axb4 Ne2+ 31. Kd2 Nxd4 32. Rc3 Rd7 33. bxa5 Nb3+ 34. Ke1 Nxa5 35. b4 Nb7 36. Rcd3 Rxd3 37. Rxd3 Rd8 38. Rxd8+ Nxd8 39. Kd2 Kf7 40. Kc3 Ke8 41. Kc4 Kd7 42. Kc5 Kc7 43. Nf8 Nb7+ 44. Kd4 Kd6 45. f5 e5+ 46. Ke4 Nd8 47. b5 Nf7 48. Kd3 Kc5 49. Ne6+ Kxb5 50. Nxg7 Ng5 51. Ne6 Nxe6 52. fxe6 Kc6 53. Ke4 Kd6 54. Kf5 Ke7 55. g5 fxg5 56. Kxe5 g4 57. Kf4 Kxe6 1/2-1/2

[Event "Montreal Pere Noel"]
[Site "Montreal"]
[Date "2011.12.26"]
[Round "1"]
[White "Monczak, Mariusz"]
[Black "Larochelle, Martial"]
[Result "0-1"]
[WhiteElo "1894"]
[BlackElo "2220"]
[PlyCount "58"]
[EventDate "2011.12.26"]
[EventType "swiss"]
[EventRounds "5"]
[EventCountry "CAN"]
[SourceTitle "EXT 2022"]
[Source "ChessBase"]
[SourceDate "2021.10.06"]
[SourceVersion "1"]
[SourceVersionDate "2021.10.06"]
[SourceQuality "1"]

1. e4 c5 2. Nf3 d6 3. g3 g6 4. Bg2 Bg7 5. 0-0 Nc6 6. d3 e5 7. c3 Nge7 8. Be3 0-0 9. Nbd2 h6 10. Nb3 a5 11. Qd2 a4 12. Nc1 Kh7 13. Ne2 Bg4 14. h3 Bxf3 15. Bxf3 Qa5 16. g4 Rfd8 17. Ng3 d5 18. Qc2 d4 19. Bd2 dxc3 20. bxc3 b5 21. g5 h5 22. Nxh5 gxh5 23. Bxh5 Ng6 24. a3 Qc7 25. Bxg6+ fxg6 26. f4 exf4 27. Rxf4 Rf8 28. Rg4 Ne5 29. Rg2 Rf3 0-1